000 00564nam a22001817a 4500
999 _c196851
_d196851
005 20230802122945.0
010 _aENG-137663
020 _a9788170947745
_c750.00
035 _aEN-121195
037 _bVision Books
082 _a320.954
100 _aKashyap,Subhash C.
245 _aConcise Encyclopedia Of Indian Polity & Governance
_cby Subhash C. Kashyap
260 _aNew Delhi
_bVision Books
_c2010
270 _a24 Feroze Gandhi Road,Lajpat Nagar 3
_bNew Delhi
_e110024
300 _a452p.
_c22cm(Hb)
942 _2ddc
_cEN
_h320.954
_mKAS